HP B2 C13 - Statistics

General Stats
  • This quiz has been taken 4 times
  • The average score is 35 of 99
Answer Stats
Term Answer % Correct
Quiosco Kiosk
100%
Aguardar Await
50%
Rebosante Brimming
50%
Escabeche Brine
50%
Pompa Bubble
50%
Bruñido Burnished
50%
Mejilla Cheek
50%
Acobardarse Chicken Out
50%
Patente Clear
50%
Chasquear Click
50%
Plantearse Consider
50%
Sobrellevar Cope With
50%
Esquinero Corner
50%
Definir Define
50%
Asqueado Disgusted
50%
Duradero Durable
50%
Anochecer Dusk
50%
Término End
50%
Exponer Expound
50%
Juguetear Fiddle
50%
Colmar Fill To The Brim
50%
Arranque Fit
50%
Azorado Flustered
50%
Pelaje Fur
50%
Artilugio Gadget
50%
Otorgar Grant
50%
A Medias Halfway
50%
Precipitación Haste
50%
Hibernar Hibernate
50%
Pavoroso Horrific
50%
Hacer Caso Omiso Ignore
50%
Encarcelar Imprison
50%
Acabar De Just
50%
Patada Kick
50%
Volcar Knock Over
50%
Cuaderno Notebook
50%
Codazo Nudge
50%
Rezumar Ooze
50%
Orfanato Orphanage
50%
Actual Present
50%
Huella Print
50%
Impreso Printed
50%
Charco Puddle
50%
Tirón Pull
50%
Meter La Pata Put One’s Foot In It
50%
Cólera Rage
50%
Pícaro Rascal
50%
Consignar Record
50%
Reticente Reluctant
50%
Resentimiento Resentment
50%
Vergonzoso Shameful
50%
Espinilla Shin
50%
Chillón Shrill
50%
Fila India Single File
50%
Escabullirse Slip Away
50%
Olfato Smell
50%
Emborronar Smudge
50%
Especular Speculate
50%
Balbucear Stammer
50%
Estupefacto Stupefied
50%
Tontamente Stupidly
50%
Olear Surge
50%
Sílaba Syllable
50%
Taciturno Taciturn
50%
A Día De Hoy To This Day
50%
Sifón U Bend
50%
Impertérrito Unmoved
50%
Advertencia Warning
50%
Oleada Wave
50%
Muchachote Big Boy
0%
Muchachón Big Guy
0%
Freno Brake
0%
Aliento Breath
0%
Procedente Coming From
0%
Actuación Conduct
0%
A Base De Consisting Mainly Of
0%
Soltar Un Gallo Crack One’s Voice
0%
Desvaído Faded
0%
Delatarse Give Oneself Away
0%
Pasear Go For A Walk
0%
Acudir Go To
0%
Aferrar Grab
0%
A Ras Del Suelo Ground Level
0%
Mediado Halfway Through
0%
Enfilar Line Up
0%
Pinza Pincer
0%
Presteza Promptness
0%
Navaja Razor
0%
Rojizo Reddish
0%
Desparramar Scatter
0%
Colarse Sneak In
0%
Despechado Spiteful
0%
Chapotear Splash Around
0%
En Cuclillas Squatting
0%
Estatura Stature
0%
Hosco Sullen
0%
Maraña Tangle
0%
Dar Fe Testify
0%
Gorgorito Trill
0%
No matching quizzes found
Score Distribution
Percent of People with Each Score
Percentile by Number Answered
Your Score History
You have not taken this quiz